KOHA-Header-6

Introduction to Computation and Programming Using Python (Record no. 2341)

000 -LEADER
fixed length control field 00330nam a2200121Ia 4500
008 - FIXED-LENGTH DATA ELEMENTS--GENERAL INFORMATION
fixed length control field 190802s9999 xx 000 0 und d
020 ## - INTERNATIONAL STANDARD BOOK NUMBER
International Standard Book Number 978-81-203-5292-6
100 ## - MAIN ENTRY--PERSONAL NAME
Personal name John V.Guttag
245 #0 - TITLE STATEMENT
Title Introduction to Computation and Programming Using Python
260 ## - PUBLICATION, DISTRIBUTION, ETC. (IMPRINT)
Place of publication, distribution, etc New Delhi
Name of publisher, distributor, etc Springer
Date of publication, distribution, etc 2017
300 ## - PHYSICAL DESCRIPTION
Extent 447:P
942 ## - ADDED ENTRY ELEMENTS (KOHA)
Koha item type Books
Holdings
Withdrawn status Lost status Damaged status Not for loan Collection code Permanent Location Current Location Shelving location Date acquired Full call number Barcode Date last seen Price effective from Koha item type
        Computer Science MAJU MAJU Shelf No.A33 2019-08-03 5.133 8964 2019-08-03 2019-08-03 Computer Science

Powered by Koha